| 000 | 00501nam a2200181 i 4500 | ||
|---|---|---|---|
| 001 | 146006 | ||
| 003 | ES-MaACL | ||
| 005 | 20250721062631.0 | ||
| 007 | t| | ||
| 008 | 071018s1969 sp ||||1| spa d | ||
| 100 | 1 |
_aVerdú Santurde, Antonio. _9114051 |
|
| 245 | 1 | 0 |
_aEstructura económica / _cA. Verdú Santurde. |
| 260 |
_aBarcelona : _bBosch, _c[1969] |
||
| 300 |
_a643 p. ; _c22 cm. |
||
| 650 | 1 | 7 |
_aEconomía _2embne _912006 |
| 852 |
_aES-MaACL _jC-38299 _bR.71280 |
||
| 999 |
_c146006 _d146006 |
||